00303nam a2200109Ia 4500008004100000082000800041100001500049245000900064942000600073952009900079999001500178240331s9999 xx 000 0 und d bALA aAlamelu, V 0aPasi cL 001040708LaWERCLbWERCLcSSCd2024-03-31l0o 894.811 ALAp4940r2024-03-31w2024-03-31yL c4385d4385